Statistiques concernant Coupe du Monde 1978: Un joueur, une équipe

Cliquez ici pour prendre le quiz!

Statistiques générales

  • Ce quiz a été pris 57 fois
  • Le résultat moyen est 15 sur 16

Statistiques - réponses

Réponse% Correct
Allemagne de l'Ouest
100%
Brésil
100%
France
100%
Hongrie
100%
Italie
100%
Argentine
98%
Autriche
98%
Ecosse
98%
Espagne
98%
Suède
98%
Pays-Bas
96%
Pologne
92%
Tunisie
90%
Pérou
88%
Iran
69%
Mexique
69%

Distribution des résultats

Percentile par nombre de réponses

% des personnes avec chaque résultat

Votre développement - résultats

Vous n’avez pas pris ce quiz